000 00635nam a2200193Ii 4500
003 JO-AjNU
008 230605s9999||||xx |||||||||||||| ||und||
040 _aJO-AjNU
_bara
_erda
_cJO-AjNU
041 _aara
050 1 4 _aE41.S52
100 3 _aتاليف الشلش، علي حسين,
_eauthor
_919506
245 0 0 _aجغرافية امريكا الشمالية الاقليمية
264 3 1 _aالبصرة: جامعة البصرة
300 _a286ص
336 _atext
_btxt
_2rdacontent
337 _aunmediated
_bn
_2rdamedia
338 _avolume
_bnc
_2rdacarrier
650 4 _aامريكا الشمالية-جغرافية
_919507
999 _aA6449
_c10017
_d10017